<?xml version="1.0" encoding="UTF-8"?>
<record
    xmlns:xsi="http://www.w3.org/2001/XMLSchema-instance"
    xsi:schemaLocation="http://www.loc.gov/MARC21/slim http://www.loc.gov/standards/marcxml/schema/MARC21slim.xsd"
    xmlns="http://www.loc.gov/MARC21/slim">

  <leader>01773nam a22001457a 4500</leader>
  <datafield tag="999" ind1=" " ind2=" ">
    <subfield code="c">514405</subfield>
    <subfield code="d">514405</subfield>
  </datafield>
  <controlfield tag="008">201031b           ||||| |||| 00| 0 eng d</controlfield>
  <datafield tag="100" ind1=" " ind2=" ">
    <subfield code="a">Morgan, Sanchez Mayra and Winkler, Richelle L. </subfield>
    <subfield code="9">20563</subfield>
  </datafield>
  <datafield tag="245" ind1=" " ind2=" ">
    <subfield code="a">The third shift?: Gender and empowerment in a women&#x2019;s ecotourism cooperative</subfield>
  </datafield>
  <datafield tag="260" ind1=" " ind2=" ">
    <subfield code="a"> Rural Sociology </subfield>
  </datafield>
  <datafield tag="300" ind1=" " ind2=" ">
    <subfield code="a">85(1), Mar, 2020: p.137-164</subfield>
  </datafield>
  <datafield tag="520" ind1=" " ind2=" ">
    <subfield code="a">Ecotourism is lauded as a path toward sustainable development and women&#x2019;s empowerment in rural areas around the world, but little is known about how gendered expectations shape its processes and outcomes. This paper employs an in&#x2010;depth qualitative case study of a female&#x2010;only ecotourism cooperative in rural Mexico to investigate how local gender dynamics influence women&#x2019;s opportunities to benefit from ecotourism development. Findings show that women&#x2019;s family and work commitments prevent their ability to devote the resources and energy necessary to make the cooperative successful. In this context, women are first expected to be wives and mothers, and to fulfill the substantial daily expectations associated with those roles. In addition, most women work outside the home. This leaves little time or energy for a &#x201C;third shift&#x201D; as ecotourism entrepreneurs running their own cooperative. Women put their own interests and goals on the back burner, because of the demands of the first two shifts. If ecotourism is to empower women, localized gender structures must be understood and addressed. Overlooking these challenges can mean that ecotourism projects, even those specifically aimed at empowering women, may only further burden women and reinforce gender models that perpetuate inequality. -Reproduced </subfield>
  </datafield>
  <datafield tag="773" ind1=" " ind2=" ">
    <subfield code="a">Rural Sociology</subfield>
  </datafield>
  <datafield tag="906" ind1=" " ind2=" ">
    <subfield code="a">ECOTOURISM</subfield>
  </datafield>
  <datafield tag="942" ind1=" " ind2=" ">
    <subfield code="c">AR</subfield>
  </datafield>
  <datafield tag="952" ind1=" " ind2=" ">
    <subfield code="0">0</subfield>
    <subfield code="1">0</subfield>
    <subfield code="2">ddc</subfield>
    <subfield code="4">0</subfield>
    <subfield code="7">0</subfield>
    <subfield code="9">388414</subfield>
    <subfield code="a">IIPA</subfield>
    <subfield code="b">IIPA</subfield>
    <subfield code="d">2020-10-31</subfield>
    <subfield code="h">85(1), Mar, 2020: p.137-164</subfield>
    <subfield code="p">AR123411</subfield>
    <subfield code="r">2020-10-31</subfield>
    <subfield code="y">AR</subfield>
  </datafield>
</record>
